| 000 | 00450nam a2200205Ia 4500 | ||
|---|---|---|---|
| 005 | 20251020182546.0 | ||
| 008 | 200515s9999 xx 000 0 und d | ||
| 082 | _a747:728.80/C74 | ||
| 100 | _aCONRAN, Terence | ||
| 245 | 0 | _aEl arte de la decoración | |
| 260 | _aBarcelona | ||
| 260 | _c1986 | ||
| 300 | _a96 | ||
| 650 | _aALFOMBRAS | ||
| 650 | _aCOCINAS | ||
| 650 | _aDECORACION | ||
| 650 | _aLIB | ||
| 650 | _aMATERIALES | ||
| 942 | _cLIB | ||
| 999 |
_c2567 _d2567 |
||